00747cam a22002175a 450000100100000000500170001000800410002702000150006804000310008308200170011410000290013124500620016026000580022230000330028050000240031365000400033765300300037794200080040799900170041595200970043201259030720180121142659.0981102s1992 enka fr f001 0 eng d a0195107322 aStDuBDSdUkdEG-ScBUEbeng04a627222bPRA1 aPrasuhn, Alan L.,d1938-10aFundamentals of hydraulic engineering /cAlan L. Prasuhn. aNew York ;aOxford :bOxford University Press,c1992. axi, 509 p. :bill. ;c24 cm. aIndex : p. 503-509. 7aHydraulic engineering.2BUEsh99295 bENGGENbGGENcJanuary2018 2ddc c25979d25951 00102ddc4070aMAINbMAINc1STd2018-01-21l0o627 PRAp000047144r2025-07-15 00:00:00yBB